Maiores Artilheiros da História do Brasileirão - Statistics

Estatísticas Gerais
  • Esse quiz foi jogado 195 vezes
  • A pontuação média é 8 de 20
Estatísticas das Respostas
de Gols
de Jogos
Jogadores % Correto
158 343 Fred
87%
154 251 Romário
82%
190 328 Roberto Dinamite
80%
104 200+ Gabi
72%
135 249 Zico
68%
153 316 Edmundo
58%
130 470+ Diego Souza
47%
126 201 Washington
43%
116 212 Luís Fabiano
42%
129 241 Túlio Maravilha
41%
99 270 Borges
30%
108 404 Paulo Baier
26%
127 184 Serginho Chulapa
18%
108 430+ Wellington Paulista
17%
105 330 Alecsandro
14%
102 195 Kléber Pereira
14%
113 240 Dadá Maravilha
13%
95 207 Evair
11%
96 196 Dodô
8%
97 364 Ramon
1%
Nenhum quiz correspondente encontrado
Distribuição das Pontuações
Porcentagem de Pessoas com Cada Pontuação
Percentil de Números Respondidos
Sua Pontuação Histórica
Você não jogou esse quiz